Obslužný úsek je o zážitku

Kvalita obslužného úseku môže byť v tuhom konkurenčnom boji jazýčkom na váhach. Ten obchodník, ktorý predá pulty ako pridanú hodnotu, získa priazeň spotrebiteľa. V modernej, digitálnej a do veľkej miery rezervovanej dobe hľadajú ľudia čoraz častejšie aspoň trochu kontaktu. A práve priateľský, no zár...

Ausführliche Beschreibung

Gespeichert in:
Bibliographische Detailangaben
1. Verfasser: Kapitán, Peter
Format: Buchkapitel
Sprache:Slowakisch
Schlagworte:
Tags: Tag hinzufügen
Keine Tags, Fügen Sie das erste Tag hinzu!

MARC

LEADER 00000naa a2200000 4500
001 0313783
005 20260102101153.6
041 0 |a slo 
044 |a CZ 
245 1 0 |a Obslužný úsek je o zážitku  |c Peter Kapitán 
520 |a Kvalita obslužného úseku môže byť v tuhom konkurenčnom boji jazýčkom na váhach. Ten obchodník, ktorý predá pulty ako pridanú hodnotu, získa priazeň spotrebiteľa. V modernej, digitálnej a do veľkej miery rezervovanej dobe hľadajú ľudia čoraz častejšie aspoň trochu kontaktu. A práve priateľský, no zároveň odborne zdatný personál pri pulte s čerstvým tovarom vie vytvoriť z fádneho vkladania položiek do košíka originálny zážitok 
610 2 0 |a obsluha 
610 2 0 |a vybavenosť pracoviska 
610 2 0 |a podpora predaja 
610 2 0 |a predajne 
610 2 0 |a dizajn 
100 1 |a Kapitán, Peter